000 00696cam a22001815a 4500
001 L156318
008 120514s1808 xxk f 000 0 eng d
035 _a(Sirsi) u156318
041 0 _aeng
100 1 _aCary, John
_dca. 1754-1835
245 0 0 _aCary's new universal atlas, containing distinct maps of all the principal states and kingdoms throughout the world from the latest and best authorities extant
260 _aLondon
_bPrinted for J. Cary, ...
_c1808
300 _a1 atlas ([8] p., [71] leaves of plates (some folded))
_b60 maps, col.
_c51 x 58 cm.
583 _aCondition reviewed
_c20110620
_lcondition level 4
651 4 _aInternational
690 _aGeomatics
_96242
942 _n0
999 _c114178
_d114178